Historical dictionary of Canada (Record no. 235023)
[ view plain ]
| 000 -LEADER | |
|---|---|
| fixed length control field | 01239nam a2200349Ia 4500 |
| 082 04 - DEWEY DECIMAL CLASSIFICATION NUMBER | |
| Classification number | 971.003 |
| 100 1# - MAIN ENTRY--AUTHOR NAME | |
| Personal name | Gough, Barry M. |
| 245 10 - TITLE STATEMENT | |
| Title | Historical dictionary of Canada |
| 250 ## - EDITION STATEMENT | |
| Edition statement | 2nd ed. |
| 260 ## - PUBLICATION, DISTRIBUTION, ETC. (IMPRINT) | |
| Place of publication | Lanham : |
| Name of publisher | Scarecrow Press, |
| Year of publication | 2010. |
| 300 ## - PHYSICAL DESCRIPTION | |
| Number of Pages | l, 497 p. : |
| Other physical details | maps. |
| 650 #0 - SUBJECT ADDED ENTRY--TOPICAL TERM | |
| Topical Term | National characteristics, Canadian. |
| 856 40 - ELECTRONIC LOCATION AND ACCESS | |
| Uniform Resource Identifier | http://site.ebrary.com/lib/rucke/Doc?id=10434971 |
No items available.
